01002nam a2200241 a 450000100060000000300090000600800410001502000150005604000280007108200180009910000270011724500390014426000410018330000110022450502080023559000490044365000090049265000450050165000320054694200120057899900170059095201530060717773CO-ViMGA141112s2004 ck r 000 u spa d a8432993069 aCO-ViMGAbspacCO-ViMGA04a371.928 T455a1 aTilley, Pauline92520810aEl arte en la educación especial aBarcelona (España), cCeac, c1991 a164.p. aEl arte como experiencia creativa El papel del profesor Los trabajos de los niños El arte para los gravemente subnormales Organización Los trabajos en dos dimensiones Los trabajos en tres dimensiones aForma de adquisición : Premio - Mincultura14aARTE14aeducación DE NIÑOS ESPECIALES92520914aeducación ESPECIAL921470 2ddccBK c27246d27246 00102ddc40708003aMEVIECARbMEVIECARd2015-12-04hVolumen. 1 | 11/jun/2009l0o371.928 T455a p17773r2015-12-04 00:00:00tEj. 1w2015-12-04yBK